Anagrammi dei Calciatori - Quiz n°45 - Statistics

Statistiche generali
  • Questo quiz è stato fatto 3 volte
  • Il punteggio medio è 3 su 10
Statistiche sulle risposte
Anagramma Calciatore % Corretto
aken Kean
100%
kierf Fekir
50%
mrqiiu Muriqi
50%
etnsos Stones
50%
lpelaco Capello
0%
lafnor Forlan
0%
lmgouah Ghoulam
0%
ršćuiam Marušić
0%
opilaca Palacio
0%
kiazraa Zakaria
0%
Nessun quiz corrispondente trovato
Distribuzione punteggi
Percentuale di utenti per punteggio
Percentile per numero di risposta
I tuoi punteggi nel tempo
Non hai fatto questo quiz